000 01027cam a2200301 a 4500
999 _c58679
_d58679
001 1057072
005 20220627140818.0
008 930723s1989 fr a b 001 0 fre d
010 _a 90113295
020 _a9782130564997
035 _a(OCoLC)21161547
040 _aFrLiU-S
_cFrLiU-S
_dIU
_dDGU
_dDLC
042 _alccopycat
050 0 4 _aP37
_b.C37 1989
082 0 4 _281(44) C-25
100 1 _aCaron, Jean,
_d1929-
_914236
245 1 0 _aPrécis de psycholinguistique /
_cJean Caron.
250 _a1re éd.
260 _aParis :
_bPresses universitaires de France,
_cc1989.
300 _a259 p. :
_bill. ;
_c21 cm.
440 2 _aLe Psychologue ;
_v102
_914237
504 _aIncludes bibliographical references (p. [231]-250) and indexes.
650 0 _aPsycholinguistics.
_99639
650 0 _aფსიქოლინგვისტიკის რეზიუმე
_914238
906 _a7
_bcbc
_ccopycat
_d4
_encip
_f19
_gy-gencatlg
942 _2udc
_cBK
955 _anc33/tl 07-15-93; nf21 07-23-93; nc43/sl 08-05-93